| 000 | 01627nam a2200397Ia 4500 | ||
|---|---|---|---|
| 001 | ebr10212657 | ||
| 003 | CaPaEBR | ||
| 006 | m u | ||
| 007 | cr cn||||||||| | ||
| 008 | 070917s2006 dcu sb 000 0 eng d | ||
| 010 | _z 2007038088 | ||
| 020 | _z9780821373460 | ||
| 040 |
_aCaPaEBR _cCaPaEBR |
||
| 035 | _a(OCoLC)648344669 | ||
| 050 | 1 | 4 |
_aLB2822.3.A35 _bW67 2006eb |
| 082 | 0 | 4 |
_a373.1200968 _222 |
| 110 | 2 | _aWorld Bank. | |
| 245 | 1 | 0 |
_aGovernance, management, and accountability in secondary education in Africa _h[electronic resource] / _cthe World Bank. |
| 246 | 1 |
_iAt head of title: _aSecondary education in Africa (SEIA) |
|
| 260 |
_aWashington, D.C. : _bHuman Development Dept., Africa Region (AFTHD), World Bank, _cc2006. |
||
| 300 | _axxiv, 76 p. | ||
| 490 | 1 |
_aSEIA thematic study ; _v#3 |
|
| 490 | 1 |
_aWorld Bank working paper ; _vno. 127 |
|
| 504 | _aIncludes bibliographical references. | ||
| 533 |
_aElectronic reproduction. _bPalo Alto, Calif. : _cebrary, _d2009. _nAvailable via World Wide Web. _nAccess may be limited to ebrary affiliated libraries. |
||
| 650 | 0 |
_aHigh schools _zAfrica _xAdministration. |
|
| 650 | 0 |
_aEducation, Secondary _zAfrica. |
|
| 650 | 0 |
_aSchool improvement programs _zAfrica. |
|
| 650 | 0 |
_aEducational accountability _zAfrica. |
|
| 655 | 7 |
_aElectronic books. _2local |
|
| 700 | 1 | _aSullivan, Pat. | |
| 710 | 2 | _aebrary, Inc. | |
| 830 | 0 |
_aSEIA thematic study ; _v#3. |
|
| 830 | 0 |
_aWorld Bank working paper ; _vno. 127. |
|
| 856 | 4 | 0 |
_uhttp://site.ebrary.com/lib/rucke/Doc?id=10212657 _zAn electronic book accessible through the World Wide Web; click to view |
| 999 |
_c229283 _d229283 |
||